Ultimate Dinosaur Test For Dinosaur Nerds - Statistics

General Stats
  • This quiz has been taken 61 times
    55 since last reset
  • The average score is 21 of 69
Answer Stats
Hint Answer % Correct
Biggest Carnivorous Dinosaur (Length/Height) Spinosaurus
77%
Period with Brachiosaurus Jurassic
74%
Era that Dinos Lived in Mesozoic
74%
Which came first Mosasaurus or Pliosaurus Pliosaurus
74%
Which Period did Plateosaurus live in Triassic
71%
Period with Ceratopsians Cretaceous
65%
"Tyrant Lizard King" Tyrannosaurus Rex
65%
First Discovered Dinosaur Megalosaurus
58%
"Three Horned Face" Triceratops
58%
Heaviest Dinosaur Argentinosaurus
55%
"Egg Thief" Oviraptor
52%
Name meanings: "Dinosaur" Terrible Lizard
48%
Which Era is after the Mesozoic? Cenozoic
45%
"Swift Thief" Velociraptor
45%
"Minmi" "Minmi"
42%
"Chinese Horned Face" Sinoceratops
42%
Who is the most famous Tyrannosaurus Rex fossil? Sue
42%
"Chicken Mimic" Gallimimus
39%
Tallest Dinosaur Sauroposeidon
39%
"Fused Lizard" Ankylosaurus
35%
Which includes which periods (in order below starting here) Cambrian
35%
"Thick-headed lizard" Pachycephalosaurus
35%
"Different Lizard" Allosaurus
32%
The Periods? Paleogene
32%
First Era (not including Archean and Proterozoic/ Precambrian) Paleozoic
32%
"Roofed Lizard" Stegosaurus
32%
"Arm Lizard" Brachiosaurus
29%
Cont. Carboniferous
29%
Fifth? Cretaceous
29%
Cont. Devonian
29%
"Giraffe Titan" Giraffatitan
29%
Landmass the Dinosaurs lived on Pangea
29%
Cont. Permian
29%
Third? Permian
29%
Which extinction was the most deadly? Permian
29%
Cont. Silurian
29%
Who coined the term "Dinosaur" Sir Richard Owen
29%
"Ancient Wing" Archaeopteryx
26%
"Heavy Claw" Baryonyx
26%
"Great Lizard" Megalosaurus
26%
Cont. Neogene
26%
Cont. Ordovician
26%
Fourth? Triassic
26%
South part if Pangea Gondwana
23%
North part of Pangea Laurasia
23%
Fifth? Meteor
23%
Cont. Quaternary
23%
"Tyrant Lizard Queen" Tyrannosaurus Regina
23%
"Helmet lizard" Corythosaurus
19%
Who discovered the Plesiosaur Mary Anning
19%
"Parrot Lizard" Psittacosaurus
19%
Tyrant Lizard Emperor" Tyrannosaurus Imperator
19%
"Chambered Lizard" Camarasaurus
16%
Second? Devonian
16%
Who was the Bone wars Between? (Full name, by alphabetical last name) Edward Drinker CopeOthniel Charles Marsh
16%
Where is it kept? Chicago
13%
"Well-Armoured Head" Euoplocephalus
13%
First mass extinction? Ordovician
13%
All of those eras are in what Eon? Phanerozoic
13%
Who discovered the Tyrannosaurus Rex? Barnum Brown
10%
"Wounded Tooth" Troodon
10%
One of the above can be split into 2 periods. What are those periods? Mississippian Pennsylvanian
6%
Modern Continents in North part North America Asia Europe
6%
Who first drew up the now incorrect iguanodon Sir Richard Owen
3%
Third? Volcanos
3%
Modern Continents in South part Africa South America Antarctica Australia
0%
Fourth? Carbon Dioxide
0%
What caused the First Extinction? Global cooling
0%
Second? Volcanos and Meteor
0%
No matching quizzes found
Score Distribution
Percent of People with Each Score
Percentile by Number Answered
Your Score History
You have not taken this quiz since the last reset